[Event "4th London Classic Open"]
[Site "London ENG"]
[Date "2012.12.09"]
[Round "9"]
[White "Veznik,Michael"]
[Black "Reuben,S"]
[Result "0-1"]
[WhiteElo "1877"]
[BlackElo "2045"]

1.e4 c5 2.Nf3 Nc6 3.Bb5 d6 4.c3 Nf6 5.d3 Bd7 6.O-O e6 7.Re1 Be7 8.d4 O-O
9.h3 Qb6 10.Na3 cxd4 11.cxd4 d5 12.e5 Nxe5 13.dxe5 Bxb5 14.Nxb5 Qxb5 15.exf6 Bxf6
16.Qe2 Qxe2 17.Rxe2 Rfc8 18.Bg5 Rc5 19.Bxf6 gxf6 20.Nd4 Rac8 21.f4 Rc1+ 22.Rxc1 Rxc1+
23.Kf2 Rd1 24.Nf3 Kf8 25.Rc2 a6 26.a4 Ra1 27.b3 Rb1 28.Nd2 Rd1 29.Ke2 Rg1
30.Kf3 Rd1 31.g4 Ke8 32.h4 Kd7 33.Ke2 Rg1 34.g5 Rg4 35.gxf6 Rxf4 36.Nf3 Rxf6
37.Ke3 Kd6 38.Rc8 Rf5 39.Rg8 h6 40.b4 e5 41.Rd8+ Kc6 42.Rh8 d4+ 43.Ke2 h5
44.Rd8 Rf4 45.Nxe5+ Kc7 46.Rd5 Rxh4 47.Kd3 f6 48.Nf3 Rh1 49.Nxd4 h4 50.Rf5 h3
51.Rxf6 h2 52.Ke2 Re1+ 53.Kxe1 h1=Q+ 54.Kd2 Qa1 55.Rf7+ Kb8 56.Nc2 Qxa4 57.Rf3 Qa2
58.Rd3 a5 59.Ra3 Qd5+ 60.Rd3 Qg5+ 61.Kc3 a4 62.Rd1 Qg3+ 63.Rd3 Qe5+ 64.Rd4 Kc7
65.Kc4 Qe8 66.b5 b6 67.Kb4 Qe5 68.Kc4 Qe7 69.Nb4 Qc5+  0-1

[Event "5th Kolkata Open"]
[Site "Kolkata IND"]
[Date "2012.12.11"]
[Round "9.9"]
[White "Gopal,G"]
[Black "Stany,G"]
[Result "1/2-1/2"]
[WhiteElo "2547"]
[BlackElo "2437"]

1.e4 c5 2.Nf3 Nc6 3.Bb5 g6 4.Bxc6 bxc6 5.O-O Bg7 6.Re1 Nh6 7.c3 O-O 8.d4 cxd4
9.cxd4 f6 10.Nc3 Nf7 11.b3 d6 12.Bb2 e5 13.h3 Ba6 14.Rc1 Rb8 15.Na4 Bb5 16.Nc3 Ba6
17.Ne2 Qa5 18.Nc3 Rbc8 19.Rc2  1/2-1/2

[Event "III ITT JAHV McGREGOR"]
[Site "Bogota COL"]
[Date "2012.12.12"]
[Round "1.49"]
[White "Piraquive,Alberto"]
[Black "Leon Magallanes,I"]
[Result "1/2-1/2"]
[WhiteElo "1972"]
[BlackElo "2096"]

1.e4 c5 2.Nf3 Nc6 3.Bb5 Qc7 4.O-O Nf6 5.Re1 e6 6.c3 a6 7.Bf1 Be7 8.d4 d5
9.e5 Nd7 10.Bg5 Qd8 11.Bxe7 Qxe7 12.Nbd2 cxd4 13.cxd4 O-O 14.Rc1 Rd8 15.Bd3 Nf8
16.Nb3 Bd7 17.Nc5 Be8 18.Qd2 a5 19.Bb1 b6 20.Na4 Nxe5 21.dxe5 Bxa4 22.Qd4 Qb4
23.Rc7 Qxd4 24.Nxd4 Rdc8 25.Rec1 Bd7 26.Nc6 Rxc7 27.Ne7+ Kh8 28.Rxc7 Re8
29.Nc6 Rc8 30.Rxc8 Bxc8  1/2-1/2

[Event "III ITT JAHV McGREGOR"]
[Site "Bogota COL"]
[Date "2012.12.12"]
[Round "2.106"]
[White "Moyano,C"]
[Black "Sanint,Jorge Hernan"]
[Result "1-0"]
[WhiteElo "2084"]
[BlackElo "1767"]

1.e4 c5 2.Nf3 Nc6 3.Bb5 e6 4.O-O Be7 5.c3 Nf6 6.Re1 d5 7.e5 Nd7 8.d4 O-O
9.a3 f6 10.exf6 Nxf6 11.b4 cxb4 12.axb4 Qc7 13.Bd3 Bd6 14.Na3 a6 15.Nb5 Qb8
16.Nxd6 Qxd6 17.b5 Nd8 18.Ba3 Qc7 19.Bxf8 Kxf8 20.Qb3 a5 21.b6 Qc6 22.Ne5 Qe8
23.Rxa5 Rxa5 24.Qb4+  1-0

[Event "5th Kolkata Open"]
[Site "Kolkata IND"]
[Date "2012.12.12"]
[Round "10.23"]
[White "Anurag,M"]
[Black "Venkatesh,M"]
[Result "1-0"]
[WhiteElo "2370"]
[BlackElo "2520"]

1.e4 c5 2.Nf3 Nc6 3.Bb5 g6 4.O-O Bg7 5.c3 Nf6 6.Re1 O-O 7.h3 e5 8.Na3 Qc7
9.d4 cxd4 10.cxd4 exd4 11.e5 Nd5 12.Bc4 Nb6 13.Nb5 Qb8 14.Bb3 a5 15.a4 d5
16.exd6 Bf5 17.Nc7 Ra7 18.Ng5 h6 19.Nxf7 Kh7 20.g4 Bd7 21.Qd3 Nb4 22.Qg3 Rxf7
23.Bxf7 Qf8 24.Be8 Nc6 25.Ra3 d3 26.Rxd3  1-0

[Event "4th Penang Heritage City Open"]
[Site "Penang MAS"]
[Date "2012.12.12"]
[Round "3.1"]
[White "Villanueva,N"]
[Black "Nguyen Van Huy"]
[Result "1-0"]
[WhiteElo "2278"]
[BlackElo "2505"]

1.e4 c5 2.Nf3 Nc6 3.Bb5 g6 4.O-O Bg7 5.Re1 Nf6 6.e5 Nd5 7.Nc3 Nc7 8.Bxc6 dxc6
9.Ne4 b6 10.Nf6+ Kf8 11.Ne4 h6 12.d3 Kg8 13.h3 Kh7 14.a3 a5 15.Rb1 Ne6 16.Be3 f5
17.exf6 exf6 18.Ned2 a4 19.b4 cxb4 20.Rxb4 c5 21.Rb1 Bd7 22.Nc4 Ra6 23.Bd2 b5
24.Ne3 Rd6 25.Bc3 Bc6 26.Nh4 Nd4 27.Nxg6 Kxg6 28.Qg4+ Kh7 29.Bxd4 cxd4 30.Nf5 Rd7
31.Nh4 Rd5 32.Qg6+ Kg8 33.Nf5 Rxf5 34.Qxf5 Qd5 35.Qxd5+ Bxd5 36.Rxb5 Bf7
37.Re7 Bf8 38.Ra7 Rh7 39.Rb8 Bg6 40.Rxa4 Rf7 41.Rxd4 Kg7 42.Rdd8 h5 43.a4 Bc5
44.Rg8+ Kh6 45.Rh8+ Bh7 46.a5 Re7 47.Kf1 Bd6 48.Rb6 Be5 49.a6 Bc3 50.g3 Kg7
51.Rb7  1-0

[Event "4th Penang Heritage City Open"]
[Site "Penang MAS"]
[Date "2012.12.13"]
[Round "5.40"]
[White "Chua,Jing Yuan Cyril"]
[Black "Chan Wei Yi,V"]
[Result "0-1"]
[WhiteElo "1678"]
[BlackElo "1948"]

1.e4 c5 2.Nf3 Nc6 3.Bb5 g6 4.c3 Bg7 5.O-O Nf6 6.Re1 O-O 7.Bxc6 dxc6 8.d4 cxd4
9.Qxd4 Qc7 10.Qe3 Ng4 11.Qe2 a5 12.h3 Nf6 13.e5 Nd5 14.c4 Nb6 15.b3 h6 16.Nc3 Rd8
17.Ba3 Bf5 18.Rad1 Rxd1 19.Rxd1 Rd8 20.g4 Bc8 21.Bb2 Rxd1+ 22.Nxd1 Qd8 23.Nc3 Na8
24.Ne4 Nc7 25.Bc3 Ne6 26.Qe3 a4 27.Kg2 axb3 28.axb3 Qd1 29.Bb4 Bf8 30.Nfd2 g5
31.h4 Nf4+ 32.Kh2 Qxg4 33.Qg3 Qh5 34.Nf3 Ne2 35.Qg2 Bg4  0-1

[Event "4th Penang Heritage City Open"]
[Site "Penang MAS"]
[Date "2012.12.13"]
[Round "6.5"]
[White "Suharto,Moh Wahyu Repelita"]
[Black "Bitoon,Jimson"]
[Result "1/2-1/2"]
[WhiteElo "2065"]
[BlackElo "2290"]

1.e4 c5 2.Nf3 Nc6 3.Bb5 e6 4.Bxc6 bxc6 5.d3 Ne7 6.O-O Ng6 7.e5 Be7 8.Re1 O-O
9.c4 f6 10.Qe2 fxe5 11.Nxe5 Nxe5 12.Qxe5 d6 13.Qe2 Bf6 14.Nc3 Rb8 15.Be3 Qb6
16.Na4 Qa5 17.Qc2 Rb4 18.Nc3 Rxb2 19.Qxb2 Bxc3 20.Qe2 Bxe1 21.Rxe1 e5 22.Rb1 Bf5
23.Rb3 Qc7 24.Qb2 Qf7 25.Qd2 Qg6 26.f4 exf4 27.Bxf4 Bxd3 28.Rxd3 Rxf4 29.Rxd6 Qb1+
30.Qd1 Qxd1+ 31.Rxd1 Rxc4 32.Rd8+ Kf7 33.Rd7+ Ke6 34.Rxa7 Rc1+ 35.Kf2 Rc2+
36.Kf3 c4 37.Rxg7 Rxa2 38.Ke3 c5 39.h4 h6 40.h5 Rb2 41.Rg8 Ra2 42.Re8+ Kd5
43.Rd8+ Kc6 44.Rc8+ Kb5 45.Rb8+ Ka4 46.Ra8+ Kb3 47.Rb8+ Ka3 48.Rb5 Rxg2 49.Rxc5 Kb3
50.Rb5+ Kc2 51.Rb6 c3 52.Rxh6 Kd1 53.Rc6 c2 54.Kf4 c1=Q+ 55.Rxc1+ Kxc1 56.Kf5 Kd2
57.h6 Kd3 58.h7 Rh2 59.Kg6  1/2-1/2

[Event "ch-IRI 2012"]
[Site "Zahedan IRI"]
[Date "2012.12.13"]
[Round "9.1"]
[White "Darini,P"]
[Black "Kowsarinia,A"]
[Result "1-0"]
[WhiteElo "2522"]
[BlackElo "2289"]

1.e4 c5 2.Nf3 Nc6 3.Bb5 Nf6 4.Nc3 Qc7 5.O-O Nd4 6.Re1 a6 7.Bf1 e5 8.Bc4 d6
9.h3 Be7 10.d3 b5 11.Nd5 Nxf3+ 12.Qxf3 Qa5 13.b4 cxb4 14.Bb3 Be6 15.Nxe7 Kxe7
16.d4 Bxb3 17.cxb3 Qc7 18.Bd2 a5 19.Rac1 Qb8 20.dxe5 dxe5 21.Be3 Rc8 22.Rxc8 Qxc8
23.Qg3 Kf8 24.Qxe5 Qc3 25.Qd6+ Kg8 26.Rc1 Qb2 27.e5 Ne8 28.Qd5 Rb8 29.Bf4 h6
30.Qd7 g5 31.e6 f6 32.Rd1 gxf4 33.Qf7+ Kh8 34.Rd7  1-0

[Event "IX Regina Helena Marques Prol"]
[Site "Santos BRA"]
[Date "2012.12.14"]
[Round "7.3"]
[White "Marrero Lopez,Yan"]
[Black "Fier,A"]
[Result "0-1"]
[WhiteElo "2304"]
[BlackElo "2567"]

1.e4 c5 2.Nf3 Nc6 3.Bb5 d6 4.O-O Bd7 5.Re1 Nf6 6.c3 a6 7.Bf1 Bg4 8.h3 Bxf3
9.Qxf3 g6 10.d3 Bg7 11.Be3 O-O 12.Nd2 Nd7 13.Qd1 b5 14.a3 a5 15.Nf3 b4 16.axb4 axb4
17.d4 Qc7 18.Bb5 Rab8 19.Qd3 Rb6 20.cxb4 cxd4 21.Nxd4 Nxd4 22.Bxd7 Rxb4 23.Ba4 Qb7
24.Bd1 Nc6 25.Qa6 Rxb2 26.Qxb7 Rxb7 27.Rc1 Nd4 28.Bxd4 Bxd4 29.Rc4 Ba7 30.Ra4 Bc5
31.Ra2 Rb1 32.Rf1 Rfb8 33.g4 R8b4 34.Bc2 R1b2 35.Rxb2 Rxb2 36.Bd1 Rd2 37.Bf3 Kg7
38.g5 h6 39.gxh6+ Kxh6 40.Kg2 f5 41.Kg3 Bd4 42.exf5 gxf5 43.Bc6 Rd3+ 44.f3 Be5+
45.Kg2 Kg5 46.Rf2 Kf4 47.h4 Bd4 48.Re2 e5 49.h5 Rd1 50.h6 Rg1+ 51.Kh2 Rg6
52.Bd5 Rxh6+ 53.Kg2 Rg6+ 54.Kh2 Rg5 55.Kh1 Be3 56.Rg2 Rg3 57.Rxg3 Kxg3 58.Be6 Kxf3
59.Bxf5 d5 60.Be6 d4 61.Bc4 e4 62.Kh2 d3 63.Kh3 Bf4  0-1

[Event "III ITT JAHV McGREGOR"]
[Site "Bogota COL"]
[Date "2012.12.15"]
[Round "7.59"]
[White "Loaiza,Y"]
[Black "Ramirez,Hei"]
[Result "0-1"]
[WhiteElo "1911"]
[BlackElo "2087"]

1.e4 c5 2.Nf3 Nc6 3.Bb5 g6 4.O-O Bg7 5.c3 a6 6.Ba4 b5 7.Bc2 d6 8.d4 cxd4
9.cxd4 Bg4 10.Be3 Bxf3 11.gxf3 Nf6 12.Nc3 O-O 13.f4 Qd7 14.Ne2 Qh3 15.f3 Ng4
16.fxg4 Qxe3+ 17.Kh1 Bxd4 18.Nxd4 Qxd4 19.Qf3 Qxb2  0-1

[Event "XXIV Carlos Torre Magistral 2012"]
[Site "Merida MEX"]
[Date "2012.12.15"]
[Round "2.1"]
[White "De la Paz Perdomo,F"]
[Black "Leon Hoyos,M"]
[Result "0-1"]
[WhiteElo "2439"]
[BlackElo "2599"]

1.e4 c5 2.Nf3 Nc6 3.Bb5 d6 4.O-O Bd7 5.Re1 Nf6 6.c3 a6 7.Bf1 Bg4 8.h3 Bxf3
9.Qxf3 g6 10.d3 Bg7 11.Be3 Nd7 12.Qd1 O-O 13.g3 b5 14.Bg2 Qc7 15.Nd2 Rab8
16.Rc1 b4 17.d4 Rfc8 18.f4 bxc3 19.bxc3 Na5 20.e5 Rb2 21.Ne4 d5 22.Ng5 e6
23.f5 gxf5 24.Qh5 Nf8 25.g4 Nc4 26.Bf4 fxg4 27.hxg4 Qe7 28.Rf1 cxd4 29.cxd4 f6
30.exf6 Bxf6 31.Kh1 Bxd4 32.Rce1 Nb6 33.Be5 Bxe5 34.Rxe5 Nbd7 35.Nf7 Nxe5
36.Qxe5 Qh4+ 37.Kg1 Rxg2+ 38.Kxg2 Rc2+  0-1

[Event "4th Penang Heritage City Open"]
[Site "Penang MAS"]
[Date "2012.12.15"]
[Round "9.40"]
[White "Woong,Zhi Wei William"]
[Black "William,Lee Kah Howe"]
[Result "1-0"]
[WhiteElo "1591"]
[BlackElo "1772"]

1.e4 c5 2.Nf3 Nc6 3.Bb5 d6 4.O-O g6 5.c3 Bg7 6.d4 cxd4 7.cxd4 Bd7 8.Nc3 a6
9.Bxc6 Bxc6 10.Qe2 Nf6 11.d5 Bd7 12.h3 O-O 13.a4 Rb8 14.Be3 b5 15.axb5 axb5
16.Ba7 b4 17.Bxb8 Qxb8 18.Rfb1 bxc3 19.bxc3 Qc7 20.Qe3 Rc8 21.Rb3 h6 22.Nd2 Kh7
23.Ra7 Qc5 24.Qxc5 Rxc5 25.c4 h5 26.f4 Bh6 27.e5 Bxf4 28.exf6 exf6 29.Rxd7 Bxd2
30.Rxf7+ Kh6 31.Rxf6  1-0

[Event "III ITT JAHV McGREGOR"]
[Site "Bogota COL"]
[Date "2012.12.16"]
[Round "8.11"]
[White "Barrientos,S"]
[Black "Munoz,Ju"]
[Result "1-0"]
[WhiteElo "2459"]
[BlackElo "2191"]

1.e4 c5 2.Nf3 Nc6 3.Bb5 g6 4.O-O Bg7 5.c3 d5 6.d3 Qb6 7.Na3 Nf6 8.Re1 dxe4
9.dxe4 O-O 10.Qa4 Bd7 11.e5 a6 12.exf6 axb5 13.Qd1 Bxf6 14.Qxd7 Rfd8 15.Qh3 b4
16.Nc4 Qb5 17.Nfd2 bxc3 18.bxc3 Ra4 19.Rb1 Qa6 20.Rb6 Qa7 21.a3 Na5 22.Rxf6 exf6
23.Ne4  1-0

[Event "19th Zadar Open A"]
[Site "Zadar CRO"]
[Date "2012.12.16"]
[Round "1.5"]
[White "Predojevic,B"]
[Black "Cebalo,M"]
[Result "1-0"]
[WhiteElo "2600"]
[BlackElo "2402"]

1.e4 c5 2.Nf3 Nc6 3.Bb5 d6 4.O-O Bd7 5.Re1 Nf6 6.c3 a6 7.Bf1 Bg4 8.h3 Bxf3
9.Qxf3 e6 10.d3 Be7 11.Nd2 O-O 12.Qe2 d5 13.g3 Qc7 14.Nf3 c4 15.dxc4 Nxe4
16.Bf4 Qb6 17.Be3 Bc5 18.Rad1 Rad8 19.Bxc5 Qxc5 20.cxd5 exd5 21.Qe3 Qa5 22.c4 Nf6
23.cxd5 Rxd5 24.Rxd5 Qxd5 25.a3 h6 26.Bg2 Qb5 27.Qc3 Rd8 28.Ne5 Nxe5 29.Rxe5 Qb6
30.Bf3 Rd7 31.Rc5 Qe6 32.Rc8+ Kh7 33.Qc2+ g6 34.Kg2 Qe5 35.b4 Re7 36.Qc5 Qe6
37.Ra8 Kg7 38.a4 Ne4 39.Qd4+ Nf6 40.Rb8 Rd7 41.Qc3 b6 42.Qc8 g5 43.Qxa6 Rd6
44.Qc8 Qxc8 45.Rxc8 Rd4 46.a5 Rxb4 47.a6 Ra4 48.Bb7 Ra5 49.Rc6 Nd7 50.Rd6 Ne5
51.Rxb6 h5 52.Rd6 Ra1 53.f4 Ra2+ 54.Kg1 gxf4 55.gxf4 Ng6 56.Rd4 Kf6 57.Kf1 Nh4
58.Rd6+ Kf5 59.Rd4 Ra3 60.Ke2 Ng6 61.Bc8+ Kf6 62.Kd2 Nf8 63.f5 Ke5 64.Rd3 Ra1
65.Kc2 Nh7 66.Kb2 Ra4 67.Ra3 Rc4 68.Bb7  1-0

[Event "ITT Cerrado LAB IM 2012"]
[Site "Bogota COL"]
[Date "2012.12.17"]
[Round "1.2"]
[White "Alarcon Casellas,Rol"]
[Black "Suasnabar,J"]
[Result "1/2-1/2"]
[WhiteElo "2484"]
[BlackElo "2077"]

1.e4 c5 2.Nf3 Nc6 3.Bb5 Qc7 4.O-O a6 5.Bxc6 dxc6 6.h3 e5 7.d3 Nf6 8.b3 Bd6
9.Bb2 O-O 10.Nbd2 b5 11.Qe2 Be6 12.Ng5 Bd7 13.f4 Rae8 14.Ngf3 exf4 15.e5 Be7
16.Ne4 Nd5 17.Qf2 Ne3 18.Rfe1 Bf5 19.Bc1 Bxe4 20.dxe4 f6 21.Bxe3 fxe3 22.Qg3 fxe5
23.c4 Qd6 24.Rxe3 Rd8 25.Qe1  1/2-1/2

[Event "15th Padova Open 2012"]
[Site "Padova ITA"]
[Date "2012.12.17"]
[Round "2.4"]
[White "Mrdja,M"]
[Black "Sanchez,Joseph"]
[Result "1/2-1/2"]
[WhiteElo "2387"]
[BlackElo "2533"]

1.e4 c5 2.Nf3 Nc6 3.Bb5 d6 4.O-O Bd7 5.Re1 Nf6 6.c3 a6 7.Bf1 Bg4 8.h3 Bh5
9.d3 e6 10.Nbd2 Be7 11.g4 Bg6 12.Nh4 Nd7 13.Nxg6 hxg6 14.Nf3 Nde5 15.Nh2 g5
16.d4 cxd4 17.cxd4 Ng6 18.Nf3 e5 19.Be3 Bf6 20.d5 Nd4 21.Nxd4 exd4 22.Bxd4 Bxd4
23.Qxd4 Ne5 24.Qe3 Qf6 25.Rec1 Nf3+ 26.Kh1 O-O 27.Rc3 Nh4 28.Rac1 Rae8 29.a4 Ng6
30.b4 Nf4 31.Qf3 Re7 32.a5 g6 33.Rc7 Rfe8 34.Rxe7 Rxe7 35.Kg1 Kg7 36.Rc4 Qb2
37.Kh2 Qe5 38.Kg1 Qb2 39.Kh2 Kh6 40.Kg1 Qh8 41.Qd1 Kg7 42.Qd4+ Re5 43.Qc3 Qe8
44.Rc7 Kh6 45.f3 f5 46.gxf5 gxf5 47.Rxb7 fxe4 48.Qc7 Qg6 49.Rb8 Qf6 50.Rb7 Qg6
51.Rb8 Qf6 52.Rb7 Qg6  1/2-1/2

[Event "19th Zadar Open A"]
[Site "Zadar CRO"]
[Date "2012.12.21"]
[Round "8.17"]
[White "Veleski,R"]
[Black "Paljusaj,E"]
[Result "1-0"]
[WhiteElo "2311"]
[BlackElo "2323"]

1.e4 c5 2.Nf3 Nc6 3.Bb5 g6 4.O-O Bg7 5.c3 Nf6 6.Re1 O-O 7.d3 Qb6 8.Ba4 d6
9.h3 e5 10.Nbd2 Bd7 11.Nc4 Qc7 12.Bg5 a6 13.Ne3 Be6 14.Bb3 Rae8 15.Qd2 Bxb3
16.axb3 Qd7 17.Bxf6 Bxf6 18.Nd5 Bg7 19.Ra4 f5 20.exf5 Rxf5 21.Qe2 Qf7 22.Qe4 Ne7
23.Ne3 d5 24.Qg4 h5 25.Qh4 Rf4 26.Qg5 Bf6 27.Rxf4 exf4 28.Qxf4 Nc6 29.Nxd5 Rxe1+
30.Nxe1 Qxd5 31.Qxf6 Qxb3 32.Qxg6+ Kf8 33.Qh6+ Ke7 34.Qd2 a5 35.Nf3 a4 36.g4 hxg4
37.hxg4 b5 38.Qg5+ Kd6 39.d4 cxd4 40.Qf6+ Kc7 41.Qxc6+  1-0

[Event "Groningen Open A"]
[Site "Groningen NED"]
[Date "2012.12.22"]
[Round "2.7"]
[White "Burg,T"]
[Black "Afek,Y"]
[Result "1-0"]
[WhiteElo "2498"]
[BlackElo "2311"]

1.e4 c5 2.Nf3 Nc6 3.Bb5 g6 4.Bxc6 dxc6 5.d3 Bg7 6.Nc3 Nf6 7.h3 O-O 8.Be3 b6
9.Qd2 Re8 10.Bh6 Bh8 11.O-O e5 12.Rae1 Qc7 13.Nh2 Nh5 14.Ne2 Be6 15.g4 Ng7
16.f4 exf4 17.Bxf4 Qd7 18.Nf3 h5 19.Ne5 Qc8 20.Bg3 hxg4 21.hxg4 Rf8 22.Qh6 Bxg4
23.Rxf7 Bh5 24.Ref1 Re8 25.Rc7 Qxc7 26.Nxg6 Bxg6 27.Bxc7 Bf7 28.Qf6 Bh5 29.Nf4 Ne6
30.Qf5 Bd4+ 31.Kh2 Ng7 32.Qg5 Bf7 33.c3 Rac8 34.cxd4 Rxc7 35.Rg1 Bxa2 36.d5 cxd5
37.Nh5 Ree7 38.Nf6+ Kf8 39.Rf1 dxe4 40.Nd5+ Rf7 41.Qd8+  1-0

[Event "15th Padova Open 2012"]
[Site "Padova ITA"]
[Date "2012.12.22"]
[Round "8.10"]
[White "Mrdja,M"]
[Black "Shishkin,Va UKR"]
[Result "1/2-1/2"]
[WhiteElo "2387"]
[BlackElo "2501"]

1.e4 c5 2.Nf3 Nc6 3.Bb5 g6 4.Bxc6 dxc6 5.h3 Bg7 6.d3 Nh6 7.Nc3 f6 8.Be3 b6
9.Qd2 Nf7 10.O-O-O e5 11.Ne1 Be6 12.f4 exf4 13.Bxf4 Ne5 14.Bh6 Bxh6 15.Qxh6 Qe7
16.Nf3 Nxf3 17.gxf3 O-O-O 18.h4 Rhg8 19.Rde1 c4 20.dxc4 Bxc4 21.h5 Kb7 22.hxg6 hxg6
23.f4 g5 24.e5 f5 25.fxg5 Rxg5 26.Qf6 Re8 27.Rh6 Qxf6 28.Rxf6 Be6 29.b3 Re7
30.Kb2 Rg8 31.Nd1 Rg4 32.Nf2 Rh4 33.Nd3 Kc7 34.a4 a5  1/2-1/2

[Event "Norberto La Porta Open A"]
[Site "Buenos Aires ARG"]
[Date "2012.12.23"]
[Round "7"]
[White "Converset,J"]
[Black "Varela,G"]
[Result "0-1"]
[WhiteElo "2250"]
[BlackElo "2375"]

1.e4 c5 2.Nf3 Nc6 3.Bb5 g6 4.O-O Bg7 5.c3 e5 6.d4 exd4 7.cxd4 cxd4 8.Bf4 Nge7
9.Bd6 O-O 10.Nbd2 a6 11.Bd3 b6 12.Nb3 Bb7 13.Re1 h6 14.Qd2 Re8 15.h4 Nc8
16.Bf4 Kh7 17.Rad1 d6 18.Bc4 Ne5 19.Bd5 Nxf3+ 20.gxf3 Bxd5 21.exd5 Rxe1+
22.Rxe1 Ne7 23.Nxd4 Bxd4 24.Qxd4 Nf5 25.Qd3 Qxh4 26.Qc4 g5 27.Qc6 Rg8 28.Bd2 g4
29.Re8 g3  0-1

[Event "Groningen Open A"]
[Site "Groningen NED"]
[Date "2012.12.26"]
[Round "5.29"]
[White "Goudriaan,E"]
[Black "Brookes,C"]
[Result "1-0"]
[WhiteElo "2366"]
[BlackElo "2163"]

1.e4 c5 2.Nf3 Nc6 3.Bb5 g6 4.Bxc6 bxc6 5.d3 Bg7 6.O-O Nf6 7.e5 Nd5 8.Re1 O-O
9.Nbd2 d6 10.h3 f6 11.exd6 exd6 12.Nc4 Nc7 13.Qd2 Be6 14.Qf4 d5 15.Na5 Qd7
16.Qa4 Nb5 17.c4 dxc4 18.dxc4 Nd4 19.Nxd4 cxd4 20.Qxc6 Qxc6 21.Nxc6 Bxc4
22.b3 Ba6 23.Bb2 f5 24.Bxd4 Bxd4 25.Nxd4 Rf6 26.Re7 Rf7 27.Rae1 Bd3 28.f3 Rc8
29.Re8+ Rxe8 30.Rxe8+ Kg7 31.Ne6+ Kf6 32.Nf4 Rd7 33.Rf8+ Ke5 34.Nxd3+ Rxd3
35.Rf7 Rd1+ 36.Kh2 a5 37.Rxh7 Rd2 38.a4 Rb2 39.Rb7 Kf4 40.h4 Rb1 41.Rb6 Rb2
42.Rxg6 Rxb3 43.Ra6 Ra3 44.Rxa5 Ra2 45.Kh3 Ra1 46.g3+  1-0

[Event "5th Marseille Open"]
[Site "Marseille FRA"]
[Date "2012.12.26"]
[Round "2.2"]
[White "Messinger,K"]
[Black "Georgiev,Vl"]
[Result "0-1"]
[WhiteElo "2087"]
[BlackElo "2547"]

1.e4 c5 2.Nf3 Nc6 3.Bb5 Nf6 4.Nc3 g6 5.Bxc6 dxc6 6.d3 Bg7 7.h3 Nd7 8.Be3 b6
9.Qd2 e5 10.O-O-O h6 11.g4 Nf8 12.Ne2 Ne6 13.Kb1 a5 14.c3 Ba6 15.Ne1 Qe7
16.f4 exf4 17.Nxf4 Nxf4 18.Bxf4 O-O-O 19.Qe3 Kb7 20.Rh2 Qe6 21.Nf3 a4 22.e5 Bc4
23.a3 g5 24.Bg3 Rd7 25.d4 Rhd8 26.Rhd2 f5 27.Bf2 fxg4 28.hxg4 Qxg4 29.Kc1 Bb3
30.Rg1 Qf5 31.Qd3 Rf8 32.Qxf5 Rxf5 33.Ne1 cxd4 34.cxd4 c5 35.Rg4 cxd4 36.Bxd4 Rc7+
37.Kb1 Bxe5  0-1

[Event "28th Post Open"]
[Site "Duesseldorf GER"]
[Date "2012.12.27"]
[Round "2.3"]
[White "Schipp,Cyrill"]
[Black "Coenen,M"]
[Result "0-1"]
[WhiteElo "2034"]
[BlackElo "2308"]

1.e4 c5 2.Nf3 Nc6 3.Bb5 Qb6 4.Nc3 e6 5.O-O a6 6.Bxc6 Qxc6 7.d4 cxd4 8.Qxd4 b5
9.Bf4 Bb7 10.Rad1 Nf6 11.Ne5 Qc5 12.Qd3 d6 13.Nf3 b4 14.e5 bxc3 15.exf6 gxf6
16.Bxd6 Bxd6 17.Qxd6 Qxd6 18.Rxd6 Rg8 19.Rd3 cxb2 20.Rb1 Be4 21.Re3 Bxc2
22.Rxb2 Ba4 23.Rb7 Bc6 24.Rc7 Bd5 25.Ra3 Rg4 26.h3 Rc4 27.Rxc4 Bxc4 28.Ra4 Bd5
29.a3 Ke7 30.Nd4 Kd6 31.f3 Kc5 32.Ne2 Bc4 33.Kf2 Rb8 34.Ke3 Rb3+ 35.Kd2 Bb5  0-1

[Event "5th Marseille Open"]
[Site "Marseille FRA"]
[Date "2012.12.27"]
[Round "3.11"]
[White "Goldsztejn,Gi"]
[Black "Mory,E"]
[Result "1-0"]
[WhiteElo "2415"]
[BlackElo "2173"]

1.Nf3 c5 2.e4 Nc6 3.Bb5 Qb6 4.Nc3 e6 5.Bxc6 bxc6 6.d3 d5 7.O-O Nf6 8.Re1 h6
9.b3 Be7 10.Ba3 Qa5 11.Na4 Ba6 12.Qd2 Qxd2 13.Nxd2 Nd7 14.c4 Rc8 15.Nf3 Kd8
16.Rad1 d4 17.e5 Bb5 18.Nb2 a5 19.Rc1 Ba6 20.Na4 Bb5 21.Nb2 Ba6 22.Nd2 Re8
23.Ne4 Nxe5 24.Bxc5 Nd7 25.Bxd4 f5 26.Ng3 Bg5 27.Rcd1 Bf6 28.Bxf6+ Nxf6 29.d4 Ra8
30.Na4 Kc7 31.Nc5 Bc8 32.f3 Ra7 33.Re5 Kd6 34.Rde1 g6 35.h4 Ree7 36.Kf2 g5
37.hxg5 hxg5 38.Na4 g4 39.Nxf5+  1-0

[Event "5th Marseille Open"]
[Site "Marseille FRA"]
[Date "2012.12.27"]
[Round "4.22"]
[White "Messinger,K"]
[Black "Leibenguth,J"]
[Result "1-0"]
[WhiteElo "2087"]
[BlackElo "1725"]

1.e4 c5 2.Nf3 Nc6 3.Bb5 a6 4.Bxc6 bxc6 5.Nc3 g6 6.O-O Nf6 7.d3 Bg7 8.h3 O-O
9.Be3 d6 10.Qd2 Rb8 11.Rab1 Re8 12.Nh2 Nd7 13.Nd1 d5 14.Ng4 d4 15.Bh6 Ne5
16.Nxe5 Bxe5 17.f4 Bg7 18.f5 e6 19.Bxg7 exf5 20.Bh6 fxe4 21.Qf4 Bf5 22.g4 e3
23.gxf5 e2 24.Re1 exd1=Q 25.Rbxd1 Rxb2 26.fxg6 hxg6 27.Rxe8+  1-0

[Event "9th Schachtuerken Cup"]
[Site "Paderborn GER"]
[Date "2012.12.27"]
[Round "1.3"]
[White "Orlov,And"]
[Black "Eckardt,Joshua"]
[Result "1-0"]
[WhiteElo "2537"]
[BlackElo "2015"]

1.e4 c5 2.Nf3 Nc6 3.Bb5 Nf6 4.e5 Nd5 5.Nc3 Nc7 6.Bxc6 dxc6 7.Ne4 Ne6 8.d3 g6
9.Be3 Qb6 10.O-O Bg7 11.Qd2 Nd4 12.Nxd4 cxd4 13.Bh6 O-O 14.Qf4 Qc7 15.Rae1 Bxe5
16.Qh4 Rd8 17.f4 Bh8 18.f5 f6 19.fxg6 hxg6 20.Nxf6+ exf6 21.Rxf6 Bf5 22.Rxf5 gxf5
23.Re7 Qxe7 24.Qxe7 Re8 25.Qg5+ Kf7 26.Qxf5+ Ke7 27.Bg5+ Kd6 28.Bf4+ Be5
29.Qf6+ Kd5 30.Qf7+ Kd6 31.h4 Bxf4 32.Qxf4+ Kd5 33.Qf7+ Kd6 34.Qxb7 Re1+
35.Kh2 Rae8 36.Qxa7 c5 37.Qa6+ Kd5 38.Qc4+ Kd6 39.b4 cxb4 40.Qxd4+ Kc7 41.Qxb4 R1e2
42.Qc5+ Kb8 43.c4 Rg8 44.Qb6+ Kc8 45.Qc6+ Kb8 46.a4 Re6  1-0

[Event "2nd Erfurter WGM"]
[Site "Erfurt GER"]
[Date "2012.12.29"]
[Round "8.5"]
[White "Yildiz,B"]
[Black "Osmanodja,F"]
[Result "1/2-1/2"]
[WhiteElo "2379"]
[BlackElo "2199"]

1.e4 c5 2.Nf3 Nc6 3.Bb5 d6 4.O-O Bd7 5.Re1 Nf6 6.c3 a6 7.Bf1 Bg4 8.d4 cxd4
9.cxd4 d5 10.e5 Ng8 11.Be3 e6 12.Nc3 Nge7 13.h3 Bxf3 14.Qxf3 Nf5 15.Rad1 Be7
16.Bd3 Nxe3 17.fxe3 O-O 18.Rf1 f5 19.exf6 Bxf6 20.Qh5 g6 21.Qg4 Qd6 22.Rf3 Bg7
23.Rdf1 Rxf3 24.Qxf3 Rf8 25.Qg4 Rxf1+ 26.Bxf1 Bh6 27.Qf3 Qf8 28.Kf2 Qb4 29.Qe2 Ne7
30.g4 Nc6 31.Bg2  1/2-1/2

[Event "Groningen Open A"]
[Site "Groningen NED"]
[Date "2012.12.29"]
[Round "8.36"]
[White "Kuling,L"]
[Black "Gerlagh,Joris"]
[Result "1-0"]
[WhiteElo "2246"]
[BlackElo "1925"]

1.e4 c5 2.Nf3 Nc6 3.Bb5 e6 4.O-O Nge7 5.b3 a6 6.Bxc6 Nxc6 7.Bb2 d6 8.Re1 e5
9.c3 Be7 10.d4 O-O 11.Na3 Bg4 12.dxc5 dxc5 13.Qe2 b5 14.Nc2 Bg5 15.Red1 Qf6
16.Ba3 Qe7 17.Rd5 b4 18.cxb4 Nd4 19.Ncxd4 cxd4 20.h3 Bxf3 21.Qxf3 Rfd8 22.Rc5 Rab8
23.Qd3 Qe6 24.Ra5 Rb6 25.Bc1 Be7 26.Bd2 Rc8 27.b5 axb5 28.Rxb5 Rbc6 29.a4 f6
30.Ra2 Qd7 31.Kh2 Qc7 32.a5 f5 33.a6 Ra8 34.Rb7 Qd8 35.a7 Bd6 36.Qb5 Qc8
37.Bb4  1-0

[Event "XXIII Krakow Open"]
[Site "Krakow POL"]
[Date "2012.12.29"]
[Round "4.5"]
[White "Jakubiec,A"]
[Black "Brodowski,P"]
[Result "1-0"]
[WhiteElo "2518"]
[BlackElo "2422"]

1.e4 c5 2.Nf3 Nc6 3.Bb5 g6 4.O-O Bg7 5.c3 Nf6 6.Re1 O-O 7.h3 Qb6 8.Ba4 Rd8
9.d3 d5 10.e5 Nd7 11.d4 cxd4 12.cxd4 Nf8 13.Nc3 Ne6 14.Bxc6 bxc6 15.Na4 Qb4
16.Bd2 Qb5 17.Rc1 f6 18.exf6 Bxf6 19.Be3 c5 20.Nxc5 Qxb2 21.Qa4 Nxc5 22.dxc5 Bf5
23.Bd4 Bxd4 24.Nxd4 Rf8 25.f3 Bd3 26.Rcd1 Qc3 27.Re3 Bb5 28.Qb3  1-0

[Event "XLII Rilton Cup"]
[Site "Stockholm SWE"]
[Date "2012.12.29"]
[Round "3.22"]
[White "Berggren Torell,Harald"]
[Black "Dimitrijevic,R"]
[Result "0-1"]
[WhiteElo "2080"]
[BlackElo "2293"]

1.e4 c5 2.Nf3 Nc6 3.Bb5 Nf6 4.Bxc6 dxc6 5.d3 Nd7 6.Nc3 e5 7.Be3 Be7 8.Qd2 O-O
9.Ne2 Re8 10.g4 Qc7 11.Ng3 g6 12.O-O-O Nf8 13.h3 Ne6 14.Rdf1 a5 15.Ng1 a4
16.N1e2 a3 17.b3 b5 18.f4 exf4 19.Bxf4 Nxf4 20.Qxf4 Bd6 21.Qf2 c4 22.Rhg1 cxd3
23.cxd3 Be5 24.Nf5 Bxf5 25.gxf5 c5 26.Nf4 Bd4 27.Nd5 Qe5 28.Qh4 Bxg1 29.Nf6+ Kg7
30.fxg6 Qc3+ 31.Kd1 Qxd3+ 32.Ke1 Qe3+  0-1

[Event "36th Zurich Christmas Open"]
[Site "Zuerich SUI"]
[Date "2012.12.29"]
[Round "5.24"]
[White "Friedrich,N"]
[Black "Eidinger,H"]
[Result "1-0"]
[WhiteElo "2304"]
[BlackElo "2137"]

1.e4 c5 2.Nf3 Nc6 3.Bb5 g6 4.Bxc6 dxc6 5.d3 Bg7 6.h3 Nf6 7.Nc3 O-O 8.Be3 b6
9.Qd2 Re8 10.O-O e5 11.Bh6 Bh8 12.Bg5 Qd6 13.Nh2 Nh5 14.Ne2 Be6 15.b3 f6
16.Bh6 Rad8 17.Rad1 Bc8 18.Be3 Qf8 19.Ng4 Bxg4 20.hxg4 Ng7 21.f4 exf4 22.Rxf4 Ne6
23.Rf3 Nd4 24.Nxd4 cxd4 25.Bh6 Qe7 26.g5 Rd6 27.Rdf1 Qe5 28.Qf2 Kf7 29.Qh4 Ree6
30.gxf6 Bxf6 31.Bf4  1-0

[Event "XXIII Krakow Open"]
[Site "Krakow POL"]
[Date "2012.12.30"]
[Round "5.6"]
[White "Strzemiecki,Z"]
[Black "Shishkin,Va UKR"]
[Result "1/2-1/2"]
[WhiteElo "2434"]
[BlackElo "2501"]

1.e4 c5 2.Nf3 Nc6 3.Bb5 g6 4.Bxc6 dxc6 5.d3 Bg7 6.h3 Nh6 7.Nc3 f6 8.Be3 b6
9.Qd2 Nf7 10.O-O e5 11.Nh2 O-O 12.f4  1/2-1/2